000 00813nam a2200289Ia 4500
003 OSt
005 20220912150654.0
006 a|||||r|||| 00| 0
007 ta
008 220909b |||||||| |||| 00| 0 eng d
020 _a0471238058 (hbd)
024 _a1567
037 _cTextbook
040 _aCSL
_beng
_cCSL
041 _aeng
082 _aG:66, P4 TG
100 _aWeiss Kenneth M
245 0 _aGenetics and the logic of evolution
260 _aHoboken John-Wiley & Sons, Inc.
_c2004
300 _axiii, 541p.
_ccm.
500 _aBibliographical References 485-514p.
_ccm.; Index 515-541p.
_ccm.
650 _a Genetics
650 _aEvolution
700 _a Buchanan Anne V
942 _hG:66, P4 TG
_cTB
_2CC
999 _c52173
_d52173